Ekonomika Slovenskej republiky v podmienkach EÚ diplomová práca

Saved in:
Bibliographic Details
Main Author: Hrinko, Michal
Corporate Author: Podnikovohospodárska fakulta EU so sídlom v Košiciach. Katedra ekonómie
Other Authors: Farkašovská, Mária
Format: Book
Language:Slovak
Published: Košice 2008
Tags: Add Tag
No Tags, Be the first to tag this record!

MARC

LEADER 00000nam$a2200000$$$4500
001 0077434
005 20240827092239.7
041 0 |a slo 
044 |a SK 
245 1 0 |a Ekonomika Slovenskej republiky v podmienkach EÚ  |b diplomová práca  |c Michal Hrinko ; škol. Mária Farkašovská 
264 1 |a Košice  |c 2008 
300 |a 63 s. 
100 1 |a Hrinko, Michal 
700 1 |a Farkašovská, Mária 
710 2 |a Podnikovohospodárska fakulta EU so sídlom v Košiciach. Katedra ekonómie